<?xml version="1.0" encoding="UTF-8"?>
<record
    xmlns:xsi="http://www.w3.org/2001/XMLSchema-instance"
    xsi:schemaLocation="http://www.loc.gov/MARC21/slim http://www.loc.gov/standards/marcxml/schema/MARC21slim.xsd"
    xmlns="http://www.loc.gov/MARC21/slim">

  <leader>02407cam a22003495a 4500</leader>
  <controlfield tag="001">13951990</controlfield>
  <controlfield tag="005">20171107152826.0</controlfield>
  <controlfield tag="008">050504t2005    enka   frb    001 0 eng d</controlfield>
  <datafield tag="010" ind1=" " ind2=" ">
    <subfield code="a">  2005274816</subfield>
  </datafield>
  <datafield tag="015" ind1=" " ind2=" ">
    <subfield code="a">GBA455443</subfield>
    <subfield code="2">bnb</subfield>
  </datafield>
  <datafield tag="016" ind1="7" ind2=" ">
    <subfield code="a">012959682</subfield>
    <subfield code="2">Uk</subfield>
  </datafield>
  <datafield tag="020" ind1=" " ind2=" ">
    <subfield code="a">1852337907 (hbk. : alk. paper)</subfield>
  </datafield>
  <datafield tag="035" ind1=" " ind2=" ">
    <subfield code="a">(OCoLC)ocm56646929</subfield>
  </datafield>
  <datafield tag="040" ind1=" " ind2=" ">
    <subfield code="a">UKM</subfield>
    <subfield code="b">eng</subfield>
    <subfield code="c">UKM</subfield>
    <subfield code="d">OHX</subfield>
    <subfield code="d">C#P</subfield>
    <subfield code="d">SYB</subfield>
    <subfield code="d">DLC</subfield>
    <subfield code="d">EG-ScBUE</subfield>
  </datafield>
  <datafield tag="082" ind1="0" ind2="4">
    <subfield code="a">005.276</subfield>
    <subfield code="b">VIS</subfield>
    <subfield code="2">22</subfield>
  </datafield>
  <datafield tag="245" ind1="0" ind2="0">
    <subfield code="a">Visualizing information using SVG and X3D :</subfield>
    <subfield code="b">XML-based technologies for the XML-based Web /</subfield>
    <subfield code="c">[editors] Vladimir Geroimenko and Chaomei Chen.</subfield>
  </datafield>
  <datafield tag="260" ind1=" " ind2=" ">
    <subfield code="a">London :</subfield>
    <subfield code="b">Springer-Verlag,</subfield>
    <subfield code="c">c.2005.</subfield>
  </datafield>
  <datafield tag="300" ind1=" " ind2=" ">
    <subfield code="a">xiv, 298 p. :</subfield>
    <subfield code="b">ill. (chiefly col.) ;</subfield>
    <subfield code="c">25 cm.</subfield>
  </datafield>
  <datafield tag="504" ind1=" " ind2=" ">
    <subfield code="a">Includes bibliographical references and index.</subfield>
  </datafield>
  <datafield tag="505" ind1="0" ind2="0">
    <subfield code="g">PART 1: USING SVG AND X3D IN GENERIC WEB APPLICATIONS --</subfield>
    <subfield code="t">SVG and X3D in the context of the XML family and the semantic web /</subfield>
    <subfield code="r">Vladimir Geroimenko --</subfield>
    <subfield code="t">The foundations of SVG /</subfield>
    <subfield code="r">Kurt Cagle --</subfield>
    <subfield code="t">X3D fundamentals /</subfield>
    <subfield code="r">Don Brutzman ... [et al.] --</subfield>
    <subfield code="t">SVG as the visual interface to web services /</subfield>
    <subfield code="r">Shane Aulenback --</subfield>
    <subfield code="t">X3D graphics, Java and the semantic web /</subfield>
    <subfield code="r">James Harney ... [et al.] --</subfield>
    <subfield code="t">Distributed user interfaces: toward SVG 1.2 /</subfield>
    <subfield code="r">Kurt Cagle --</subfield>
    <subfield code="t">Publishing paradigms for X3D /</subfield>
    <subfield code="r">Nicholas F. Polys --</subfield>
    <subfield code="g">PART 2: APPLYING SVG AND X3D TO SPECIFIC PROBLEMS --</subfield>
    <subfield code="t">Visualizing complex networks /</subfield>
    <subfield code="r">Chaomei Chen,</subfield>
    <subfield code="r">Natasha Lobo --</subfield>
    <subfield code="t">Applying SVG to visualization of chemical structures and reactions /</subfield>
    <subfield code="r">John Leaver --</subfield>
    <subfield code="t">Using metadata-based SVG and X3D graphics in interactive TV /</subfield>
    <subfield code="r">Artur Lugmayr,</subfield>
    <subfield code="r">Seppo Kalli --</subfield>
    <subfield code="t">Knowledge visualization using dynamic SVG charts /</subfield>
    <subfield code="r">Nikolas A. Rathert --</subfield>
    <subfield code="t">Using SVG and XSLT to display visually geo-referenced XML /</subfield>
    <subfield code="r">Timothy Adams --</subfield>
    <subfield code="t">Using Adobe Illustrator to create complex SVG illustrations /</subfield>
    <subfield code="r">Sara Porter --</subfield>
    <subfield code="t">X3D-edit authoring tool for Extensible 3D (X3D) graphics /</subfield>
    <subfield code="r">Don Brutzman --</subfield>
    <subfield code="g">Concluding remarks /</subfield>
    <subfield code="r">Vladimir Geroimenko,</subfield>
    <subfield code="r">Chaomei Chen.</subfield>
  </datafield>
  <datafield tag="541" ind1=" " ind2=" ">
    <subfield code="a">Donation from Vladimir Geroimenko.</subfield>
  </datafield>
  <datafield tag="650" ind1=" " ind2="7">
    <subfield code="a">Computer graphics.</subfield>
    <subfield code="2">BUEsh</subfield>
  </datafield>
  <datafield tag="650" ind1=" " ind2="7">
    <subfield code="a">SVG (Document markup language)</subfield>
    <subfield code="2">BUEsh</subfield>
  </datafield>
  <datafield tag="650" ind1=" " ind2="7">
    <subfield code="a">XML (Document markup language)</subfield>
    <subfield code="2">BUEsh</subfield>
  </datafield>
  <datafield tag="650" ind1=" " ind2="7">
    <subfield code="a">Semantic Web.</subfield>
    <subfield code="2">BUEsh</subfield>
  </datafield>
  <datafield tag="650" ind1=" " ind2="7">
    <subfield code="a">Information visualization.</subfield>
    <subfield code="2">BUEsh</subfield>
  </datafield>
  <datafield tag="651" ind1=" " ind2=" ">
    <subfield code="2">BUEsh</subfield>
  </datafield>
  <datafield tag="653" ind1=" " ind2=" ">
    <subfield code="b">COMSCI</subfield>
    <subfield code="c">November2017</subfield>
  </datafield>
  <datafield tag="700" ind1="1" ind2=" ">
    <subfield code="a">Geroimenko, Vladimir,</subfield>
    <subfield code="d">1955-,</subfield>
    <subfield code="e">editor.</subfield>
  </datafield>
  <datafield tag="700" ind1="1" ind2=" ">
    <subfield code="a">Chen, Chaomei,</subfield>
    <subfield code="d">1960-,</subfield>
    <subfield code="e">editor.</subfield>
  </datafield>
  <datafield tag="942" ind1=" " ind2=" ">
    <subfield code="2">ddc</subfield>
  </datafield>
  <datafield tag="999" ind1=" " ind2=" ">
    <subfield code="c">25544</subfield>
    <subfield code="d">25516</subfield>
  </datafield>
  <datafield tag="952" ind1=" " ind2=" ">
    <subfield code="0">0</subfield>
    <subfield code="1">0</subfield>
    <subfield code="2">ddc</subfield>
    <subfield code="4">0</subfield>
    <subfield code="7">0</subfield>
    <subfield code="a">MAIN</subfield>
    <subfield code="b">MAIN</subfield>
    <subfield code="c">LOW</subfield>
    <subfield code="d">2017-11-07</subfield>
    <subfield code="e">Purchase</subfield>
    <subfield code="l">0</subfield>
    <subfield code="o">005.276 VIS</subfield>
    <subfield code="p">000042419</subfield>
    <subfield code="r">2025-07-15 00:00:00</subfield>
    <subfield code="y">BB</subfield>
  </datafield>
</record>
